000
00308nam a22001217a 4500
020
_a
0-408-00162-3
082
_a
621.38804 RED'Q
100
_a
REDDIHOUGH, J. A,KNIGHT, DAVID
_9
78628
245
_a
QUESTION AND ANSWERS ON COLOUR TELEVISION
260
_a
LONDON
_b
NEWNES
_c
1975
300
_a
134P
942
_c
BK
999
_c
583742
_d
583742